000 00448nam a2200181Ia 4500
001 8349
005 20260306160602.0
008 260306t2002||||xx |||||||||||||| ||spa||
041 _aESP
082 _a370.5
_bM61
100 _aGuadalupe, César [Coord.]
_eAUT
245 0 _aLa educación peruana a inicios del nuevo siglo
260 _c2002
300 _a142 páginas :
_c29 cm.
650 _aGEN
654 _aCED
942 _cLIB
_dJUS
_fJUS
_2ddc
_n
999 _c8349
_d8349